| 000 | 03117nkc a2200409za 4500 | ||
|---|---|---|---|
| 001 | 84532 | ||
| 003 | OSt | ||
| 005 | 20260323103106.0 | ||
| 007 | kh boc | ||
| 008 | 250410s19101911sp ||||| ||||||0| i|spa d | ||
| 040 |
_aM-RABA _bspa _cM-RABA |
||
| 100 | 1 |
_aElorza, Lorenzo _d(1861-1931) _9111068 |
|
| 245 | 1 | 4 |
_aA. Capitel de Lopidana. B. Ventana de Marañón. C. Capitel de Hueto Abajo _c/ L. E. |
| 260 | _c[ca. 1910 – 1911] | ||
| 300 |
_a3 fotografías _b: gelatina de plata _c; imagen 5,5 x 9 cm _c; imagen 6,6 x 9 cm _c; imagen 5 x 9 cm _c; soporte secundario 26,3 x 20,7 |
||
| 500 | _aA. Detalle del pilar donde se apea uno de los arcos torales de la iglesia parroquial de la Purificación de Nuestra Señora en Lopidana, que presenta un historiado capitel, donde dos perros acosan a un toro entre ramaje | ||
| 500 | _aB. Vista de la ventana de la iglesia parroquial de Nuestra Señora de la Asunción en Marañón, formada por arco de medio punto con arquivoltas sobre línea de imposta lisa y triple columna de fuste liso y capitel decorado. | ||
| 500 | _aC. Capitel del pilar fasciculado de triple fuste del segundo arco toral de la iglesia parroquial de San Vicente en Hueto Abajo, con decoración vegetal. | ||
| 500 | _a3 fotografías montadas sobre soporte secundario de cartulina azul enmarcada con orla en relieve. Título y numeración manuscrita que hace referencia a la posición en la serie “111”. | ||
| 500 | _aSello con monograma del fotógrafo en tinta roja “L.E.” | ||
| 500 | _aFechas tomadas de la ejecución del positivo de las fotografías, incluido el soporte secundario. (Soto Madrazo, Javier. 2008). | ||
| 500 | _aForman parte de un conjunto de 167 fotografías empleadas por Federico Baráibar Zumárraga para la elaboración del Inventario del Románico en Álava (1911). | ||
| 504 | _aBaraibar, F.: "Rincones artísticos", M. 1914. | ||
| 505 | _aA.- Capitel de Lopidana.- B.- Ventana de Marañón.- C.- Capitel de Hueto-abajo. / L. E. | ||
| 510 | _aDescripción tomada de: Soto Madrazo, Javier (2008). Federico Baraibar y el Inventario del Románico en Álava: una caja con 167 fotografías. | ||
| 510 | _aEsta colección fue utilizada posteriormente por Cristóbal de Castro para la elaboración y publicación del "Catálogo Monumental de España: provincia de Álava", Madrid, S. de Rivadeneira, 1915. | ||
| 561 | _aDonadas junto con la memoria manuscrita a la Academia por el mismo Baraibar (Sesión 12 de febrero de 1912, Archivo: 4-32-1). | ||
| 610 | 2 | 7 |
_aIglesia parroquial de la Purificación de Nuestra Señora (Lopidana) _9111635 |
| 610 | 2 | 7 |
_aIglesia Parroquial Nuestra Señora de la Asunción (Marañón) _9111636 |
| 610 | 2 | 4 |
_aIglesia de San Vicente (Hueto Abajo) _9111623 |
| 651 | 7 |
_aÁlava _2embne _975661 |
|
| 655 | 0 |
_aFotografías de monumentos _9111580 |
|
| 700 | 1 |
_aBaráibar y Zumárraga, Federico _d(1851-1918) _912926 |
|
| 852 | _jFot-220 | ||
| 856 |
_3Fot-220 _uhttps://archivoybiblioteca.realacademiabellasartessanfernando.com/cgi-bin/koha/opac-retrieve-file.pl?id=06d992381e48cc4e997460b33fa55c99 |
||
| 942 |
_2ddc _cFOTOGRAFÍA _n0 |
||
| 999 |
_c84532 _d84532 |
||